书目信息 |
| 题名: |
话本小说概论
|
|
| 作者: | 胡士莹 著 | |
| 分册: | 上册 | |
| 出版信息: | 北京 中华书局 1980 |
|
| 页数: | 355页 | |
| 开本: | 21cm | |
| 丛书名: | ||
| 单 册: | ||
| 中图分类: | I054 | |
| 科图分类: | ||
| 主题词: | 小说--文学理论 , 小说--创作方法 | |
| 电子资源: | ||
| ISBN: | ||
| 000 | 00638nam0 2200241 45 | |
| 001 | 0180008560 | |
| 005 | 20060912084629.18 | |
| 010 | @dCNY2.75 | |
| 091 | @a10018.437 | |
| 100 | @a19950515d1980 em y0chiy0121 ea | |
| 101 | 0 | @achi |
| 102 | @aCN@b110000 | |
| 105 | @ay z 000zy | |
| 200 | 10 | @a话本小说概论@Ahua ben xiao shuo gai lun@h上册@f胡士莹著@FHu Shi Ying Zhu |
| 210 | @a北京@c中华书局@d1980 | |
| 215 | @a355页@d21cm | |
| 606 | 0 | @a小说@x文学理论 |
| 606 | 0 | @a小说@x创作方法 |
| 690 | @aI054@v3 | |
| 701 | 0 | @a胡士莹@4著 |
| 801 | 2 | @aCN@bNLC@c20060912 |
| 801 | 0 | @aCN@b上海图书馆@c20040418 |
| 905 | @dI054@e11:1@f1@b31775 | |
| 话本小说概论.上册/胡士莹著.-北京:中华书局,1980 |
| 355页;21cm |
| ISBN :CNY2.75 |
| ● |
| 相关链接 |
|
|
|
|
正题名:话本小说概论
索取号:I054/11:1
 
预约/预借
| 序号 | 登录号 | 条形码 | 馆藏地/架位号 | 状态 | 备注 |
| 1 | 0031774 | 000909958 | 第一样本阅览室/ [索取号:I054/11:1] | 在馆 | |
| 2 | 0031775 | 001975018 | 密集书库/ [索取号:I054/11:1] | 在馆 | |
| 3 | 0031776 | 000909994 | 第二借阅区/ [索取号:I054/11:1] |
已借出,限还日期为2011.08.22 借出人:李雪梅 |
|
| 4 | 0031777 | 000909949 | 密集书库/ [索取号:I054/11:1] | 在馆 | |
| 5 | 0474685 | 204746855 | 密集书库/ [索取号:I054/11:1] | 在馆 |